Geography Quiz

Random Geography or Flags Quiz
Score 0/20 Timer 05:00
0 Plays Today
Question Answer Wrong Answers
Canada Right
95.8%
Wrong
0.5%
New Zealand Right
88.5%
Wrong
7.9%
South Korea Wrong
87.5%
Right
8.8%
Slovenia Right
86.3%
Wrong
9.9%
Sweden Wrong
84.6%
Right
12%
Dominican Republic Right
83.6%
Wrong
12.7%
Nepal Wrong
82.5%
Right
13.8%
Hungary Wrong
81%
Right
15.5%
Guyana Right
80.1%
Wrong
16.4%
Guinea-Bissau Right
79.7%
Wrong
16.4%
Burundi Right
79%
Wrong
17.4%
Italy Wrong
78.1%
Right
18.3%
Philippines Wrong
77.3%
Right
18.8%
Eritrea Right
76.7%
Wrong
19.5%
Tajikistan Right
74.1%
Wrong
22.1%
Tanzania Wrong
70.6%
Right
25.8%
Taiwan Wrong
64.3%
Right
31.8%
Austria Wrong
62.6%
Right
33.8%
Niger Right
62.5%
Wrong
33.9%
Kyrgyzstan Wrong
53.5%
Right
42.9%
Come Together.
Have Fun.
All Virtual.
We all need to come together. Play Sporcle's virtual live trivia to have fun, connect with people, and get your trivia on. Join a live hosted trivia game for your favorite pub trivia experience done virtually. If a virtual private party is more your thing, go here for details.

You're not logged in!

Compare scores with friends on all Sporcle quizzes.
OR
Log In

Sporcle TV

Today on Sporcle TV


Watch our educational content, quiz creation guides, and fun videos on Sporcle TV.

Show Comments

Extras

Top Quizzes Today


Score Distribution

Paid Content

Your Account Isn't Verified!

In order to create a playlist on Sporcle, you need to verify the email address you used during registration. Go to your Sporcle Settings to finish the process.

Report this User

Report this user for behavior that violates our Community Guidelines.

Details: